000 00750nam a2200253 i 4500
001 C2-0235350
003 PPAK
005 20180727195447.0
008 010904s2000 enka|||| ||||| | eng d
020 _a0953368386
040 _aPPAK
_beng
_cPPAK
_erda
082 0 4 _a796.3340942876
_223
090 0 0 _a796.3340942876
_bNEW
_dR
245 0 0 _aNewscastle United :
_bseason review 1999 - 2000
264 1 _aPeterborough, England :
_bHayden Publishing ,
_c2000
300 _a110 pages :
_bcolour illustrations ;
_c26 cm
336 _2rdacontent
_atext
337 _2rdamedia
_aunmediated
338 _2rdacarrier
_avolume
490 1 _aMatch Club guide
650 1 0 _aNewscastle United Football Club
830 0 _aMatch Club guide
942 _ddc
_cB
999 _c51367
_d51367